| 000 | 00519nam a22001697a 4500 | ||
|---|---|---|---|
| 999 |
_c13464 _d13464 |
||
| 003 | AR-CdUCM | ||
| 008 | 190415b ||||| |||| 00| 0 spa d | ||
| 040 |
_aMUNICIPALIDAD PROVINCIAL DEL CUSCO _cBIBLIOTECA MUNICIPAL DEL CUSCO |
||
| 082 |
_aC / 082 / _bC.A. |
||
| 245 | _aCuadernos Andinos / | ||
| 260 |
_aQosqo : _bAYNI, _c1995. |
||
| 300 |
_a26 páginas ; _c21 cm. |
||
| 440 |
_aCuadernos Andinos _n13 _931889 |
||
| 505 | _aMedicina mágica -- medicina natural. | ||
| 942 |
_2ddc _cFOLLETOS |
||
| 945 |
_awfj _d2019-04-15 |
||